00970nam a2200265Ia 4500001000600000003000900006008004100015040001300056040001300069041001300082100001900095100002900114245006400143245006600207250001100273260000900284260001200293260004900305300005700354500018100411650003300592650003100625700001900656700002900675H9029IT-RoPAU130308s9999 xx 000 0 und d aIT-RoPAU cIT-RoPAU aITALIANO aBoero Marianna gCodice Aut. SPICS: 59595 aPassioni ed estesia nella comunicazione pubblicitaria Breil bCommercio del Senso (Il). Linguaggi e forme della Pubblicita' a1a ed. aROMA bMeltemi c2006 [1° Ed.:2006 - Ed.Ling.Originale:2006] a"14 p. (prefazione: no ; testo: 14 [pagine: 45-58])" aIntroduzione. Una Chiave di Lettura dei Testi. Prima fase della Comunicazione pubblicitaria Breil. seconda fase della Comunicazione pubblicitaria Breil. Un bilancio Conclusivo. aLINGUAGGIO DELLA PUBBLICITA' eCodice materia Spics: 6204 aTraini Stefano gCodice Aut. SPICS: 40620